Kognitionswissenschaftliche Perspektiven auf biblische Visionserzählungen : Am Beispiel der Verklärung (Mk 9,2-9) /

Das vorliegende Buch bietet einen umfassenden Beitrag zum Bestreben neuro- und kognitionswissenschaftliche Erkenntnisse in die neutestamentliche Exegese zu integrieren. Für dieses Vorhaben eignen sich veränderte Bewusstseinszustände insbesondere, da sie auf allgemein menschlichen Strukturen des Gehi...

وصف كامل

محفوظ في:

المؤلف الرئيسي: Oesterreich, Nicole (مؤلف)

التنسيق: كتاب الكتروني

اللغة: English

منشور في: Leiden; Boston : BRILL, 2022.

سلاسل: Biblical Interpretation Series ; 196.

الموضوعات:

الوصول للمادة أونلاين: Login to view Source

الوسوم: إضافة وسم

لا توجد وسوم, كن أول من يضع وسما على هذه التسجيلة!

رقم الطلب: BS1430.6.H5

LEADER 03212nam a22004338i 4500
001 BRILL9789004499812
003 nllekb
005 20230510123306.0
006 m d
007 cr un uuuua
008 200716s2022 ne sb 001 0 eng d
020 |a 9789004499812  |q (electronic book) 
020 |a 9789004499751  |q (print) 
024 7 |a 10.1163/9789004499812  |2 DOI 
035 |z (OCoLC)1259585123 
040 |a NL-LeKB  |c NL-LeKB  |e rda 
050 4 |a BS1430.6.H5 
072 7 |a HRCF2  |2 bicssc 
072 7 |a REL  |x 006100 
082 0 4 |a 223.206  |2 23 
100 1 |a Oesterreich, Nicole,  |e author. 
245 1 0 |a Kognitionswissenschaftliche Perspektiven auf biblische Visionserzählungen :  |b Am Beispiel der Verklärung (Mk 9,2-9) /  |c Nicole Oesterreich. 
246 3 |a Am Beispiel der Verklärung (Mk 9,2-9) 
264 1 |a Leiden;   |a Boston :  |b BRILL,  |c 2022. 
300 |a 1 online resource. 
336 |a text  |b txt  |2 rdacontent 
337 |a computer  |b c  |2 rdamedia 
338 |a online resource  |2 rdacarrier 
490 1 |a Biblical Interpretation Series ;  |v 196 
504 |a Includes bibliographical references and index. 
520 |a Das vorliegende Buch bietet einen umfassenden Beitrag zum Bestreben neuro- und kognitionswissenschaftliche Erkenntnisse in die neutestamentliche Exegese zu integrieren. Für dieses Vorhaben eignen sich veränderte Bewusstseinszustände insbesondere, da sie auf allgemein menschlichen Strukturen des Gehirns beruhen und in sehr vielen Kulturen Teil der religiösen Praxis waren und sind. Anklänge daran finden sich auch in biblischen Visionserzählungen. Die Untersuchung bietet neben einer Einführung in die Philosophie des Geistes und notwendigen naturwissenschaftlichen Grundlagen sowie einer hermeneutischen Reflexion eine breit angelegte Darstellung der antiken Erfahrungen mit veränderten Bewusstseinszuständen anhand ihrer Induktionsrituale. Die gewonnenen Erkenntnisse werden dann auf die Verklärungserzählung angewendet. ____________________________________ This book is a comprehensive contribution to the ongoing effort to integrate findings in cognitive science into New Testament studies. Altered states of consciousness are particularly suitable for this attempt as they are a common human property and a widespread religious practice. This study contains an introduction to the basics of philosophy of mind and cognitive studies as well as a hermeneutical reflection. The wide portrayal of ASCs in ancient religious contexts according to the type of induction rituals provides the historic context for the cognitive analysis of the Transfiguration narrative. 
588 |a Description based on print version record. 
650 0 |a History  |x Biblical teaching. 
776 0 8 |i Print version:  |t Kognitionswissenschaftliche Perspektiven auf biblische Visionserzählungen : Am Beispiel der Verklärung (Mk 9,2-9).  |d Leiden ; Boston : BRILL, 2022  |z 9789004499751 
830 0 |a Biblical Interpretation Series ;  |v 196. 
856 4 |z DOI:   |u http://dx.doi.org/10.1163/9789004499812 
942 |2 lcc  |c EBOOK 
952 |0 0  |1 0  |2 lcc  |4 0  |6 BS14306 H5  |7 1  |9 47274  |a BRILL  |b BRILL  |d 2023-05-10  |l 0  |o BS1430.6.H5  |r 2023-05-10 00:00:00  |w 2023-05-10  |y EBOOK 
999 |c 52780  |d 52780